| 000 | 00521nam a22001697a 4500 | ||
|---|---|---|---|
| 003 | NUST | ||
| 038 | _aNusrat Nadeem | ||
| 082 | _a200 | ||
| 100 |
_aKausar, Umara _9123168 |
||
| 245 |
_aThe Approximate Mei Symmetries and their Applications / _cUmara Kausar |
||
| 264 |
_aIslamabad; _bSNS NUST; _c2024; |
||
| 300 |
_a124,p; _bill; _c30,cm. |
||
| 650 |
_aPhD-Mathematics _9123169 |
||
| 700 |
_aSupervisor: Prof. Tooba Feroze _9123170 |
||
| 856 | _u http://10.250.8.41:8080/xmlui/handle/123456789/42482 | ||
| 942 |
_2ddc _cTHE |
||
| 999 |
_c609452 _d609452 |
||